Tabaquismo y cáncer de pulmón /
El artículo "Tabaquismo y cáncer de pulmón" aborda la relación entre el consumo de tabaco y el desarrollo del cáncer de pulmón. Examina los efectos nocivos del tabaquismo en los pulmones y su papel como factor de riesgo principal para el desarrollo de esta enfermedad. Además, se discuten l...
Uloženo v:
| Hlavní autor: | |
|---|---|
| Médium: | Kniha |
| Jazyk: | English |
| Témata: | |
| On-line přístup: | texto completo desde el sitio de la revista |
| Tagy: |
Přidat tag
Žádné tagy, Buďte první, kdo vytvoří štítek k tomuto záznamu!
|
MARC
| LEADER | 00000nam a22000007a 4500 | ||
|---|---|---|---|
| 003 | cru CIDCACS/IIS | ||
| 005 | 20230902205137.0 | ||
| 007 | ta | ||
| 008 | 200110s2019 mx |||p|r||||||0| ||eng|d | ||
| 040 | |c cru CIDCACS/IIS | ||
| 100 | 1 | |9 8921 |a Zinser-Sierra, Juan W. | |
| 245 | 1 | |a Tabaquismo y cáncer de pulmón / |c Juan W Zinser | |
| 300 | |a páginas 303-307 | ||
| 520 | |a El artículo "Tabaquismo y cáncer de pulmón" aborda la relación entre el consumo de tabaco y el desarrollo del cáncer de pulmón. Examina los efectos nocivos del tabaquismo en los pulmones y su papel como factor de riesgo principal para el desarrollo de esta enfermedad. Además, se discuten las estrategias de prevención y control del tabaquismo como medidas clave para reducir la incidencia de cáncer de pulmón y mejorar la salud pulmonar de la población. RAR 02/2023 | ||
| 650 | 0 | |2 OCDE |9 592 |a CANCER | |
| 650 | 0 | |2 OCDE |9 1803 |a TABACO | |
| 650 | 0 | |2 OCDE |9 2450 |a RIESGOS PARA LA SALUD | |
| 773 | 0 | |0 19284 |9 3753 |a Instituto Nacional de Salud Pública (México) |d México: Instituto Nacional de Salud Pública |o 18581 |t Salud Pública de México / |x 00363634 | |
| 856 | |u http://saludpublica.mx/index.php/spm/article/view/10088 |y texto completo desde el sitio de la revista | ||
| 942 | |2 ddc |c PP | ||
| 999 | |c 42810 |d 42810 | ||
